Một số đặc điểm của trò chơi dân gian ở người Hmông di cư từ Tây Bắc vào Đắk Lắk /

שמור ב:
מידע ביבליוגרפי
מחבר ראשי: Lê Sỹ Giáo.
מחברים אחרים: Lê phương Thảo.
פורמט: Bài viết
שפה:Vietnamese
נושאים:
תגים: הוספת תג
אין תגיות, היה/י הראשונ/ה לתייג את הרשומה!
Thư viện lưu trữ: Thư viện Trường Đại học Đà Lạt
LEADER 00955nam a2200313 4500
001 DLU180185430
005 ##20180605
040 # # |a DLU  |b vie 
041 # # |a vie 
044 # # |a vn 
100 # # |a Lê Sỹ Giáo. 
245 # # |a Một số đặc điểm của trò chơi dân gian ở người Hmông di cư từ Tây Bắc vào Đắk Lắk /  |c Lê Sỹ Giáo, Lê phương Thảo. 
653 # # |a Đắk Lắk 
653 # # |a Dân tộc Hmông 
653 # # |a Di cư 
653 # # |a Tây Bắc 
653 # # |a Trò chơi dân gian 
653 # # |a Văn hóa tộc người 
700 # # |a Lê phương Thảo. 
773 # # |t Nghiên cứu Đông Nam Á  |g Số 12, 2016, tr. 81-85 
920 # # |a Phòng Tạp chí -- Trung tâm Thông tin - Thư viện Trường Đại học Đà Lạt 
994 # # |a DLU 
900 # # |a True 
911 # # |a Hoàng Thị Huyền 
925 # # |a G 
926 # # |a A 
927 # # |a BB 
980 # # |a Thư viện Trường Đại học Đà Lạt